|
|
|
|
| LEADER |
00000cam a22000002c 4500 |
| 001 |
1912556308 |
| 003 |
DE-627 |
| 005 |
20250115054955.0 |
| 007 |
cr uuu---uuuuu |
| 008 |
241217s2017 xx |||||o 00| ||eng c |
| 035 |
|
|
|a (DE-627)1912556308
|
| 035 |
|
|
|a (DE-599)KXP1912556308
|
| 040 |
|
|
|a DE-627
|b ger
|c DE-627
|e rda
|
| 041 |
|
|
|a eng
|
| 084 |
|
|
|a 2,1
|2 ssgn
|
| 100 |
1 |
|
|a Barrouquere, Brett
|e VerfasserIn
|4 aut
|
| 245 |
1 |
0 |
|a FBI: Hate crimes reach 5-year high in 2016, jumped as Trump rolled toward presidency
|
| 264 |
|
1 |
|b SPLC Hatewatch
|c 2017
|
| 300 |
|
|
|a Online-Ressource
|
| 336 |
|
|
|a Text
|b txt
|2 rdacontent
|
| 337 |
|
|
|a Computermedien
|b c
|2 rdamedia
|
| 338 |
|
|
|a Online-Ressource
|b cr
|2 rdacarrier
|
| 787 |
0 |
8 |
|i Forschungsdaten
|a United States. Federal Bureau of Investigation
|t Uniform Crime Reporting Program Data: Hate Crime Data (Record-Type Files), United States, 2016
|d [Erscheinungsort nicht ermittelbar] : [Verlag nicht ermittelbar], 2018
|w (DE-627)1840041706
|
| 856 |
4 |
0 |
|u https://www.splcenter.org/hatewatch/2017/11/13/fbi-hate-crimes-reach-5-year-high-2016-jumped-trump-rolled-toward-presidency-0
|x Verlag
|z lizenzpflichtig
|3 Volltext
|7 1
|
| 935 |
|
|
|a mkri
|
| 951 |
|
|
|a BO
|
| ELC |
|
|
|a 1
|
| LOK |
|
|
|0 000 xxxxxcx a22 zn 4500
|
| LOK |
|
|
|0 001 4637521807
|
| LOK |
|
|
|0 003 DE-627
|
| LOK |
|
|
|0 004 1912556308
|
| LOK |
|
|
|0 005 20241217044456
|
| LOK |
|
|
|0 008 241217||||||||||||||||ger|||||||
|
| LOK |
|
|
|0 035
|a (DE-2619)ICPSR134703
|
| LOK |
|
|
|0 040
|a DE-2619
|c DE-627
|d DE-2619
|
| LOK |
|
|
|0 092
|o n
|
| LOK |
|
|
|0 852
|a DE-2619
|
| LOK |
|
|
|0 852 1
|9 00
|
| LOK |
|
|
|0 935
|a nacp
|
| LOK |
|
|
|0 939
|a 17-12-24
|b l01
|
| ORI |
|
|
|a SA-MARC-krimdoka001.raw
|